Tentar al diablo (Record no. 171018)

MARC details
000 -LEADER
campo de control de longitud fija 00794nam a22001575i 4500
001 - NÚMERO DE CONTROL
campo de control 171018
003 - IDENTIFICADOR DE NÚMERO DE CONTROL
campo de control ES-MaACL
005 - FECHA Y HORA DE LA ÚLTIMA TRANSACCIÓN
campo de control 20230906214522.0
008 - DATOS DE LONGITUD FIJA--INFORMACIÓN GENERAL
campo de control de longitud fija 090422s1879 sp |||| | spa d
100 1# - ENTRADA PRINCIPAL--NOMBRE DE PERSONA
Nombre de persona Estremera, José.
9 (RLIN) 139900
245 10 - MENCIÓN DEL TÍTULO
Título Tentar al diablo
Resto del título : comedia en dos actos y en verso /
Mención de responsabilidad, etc. original de José Estremera.
260 ## - PUBLICACIÓN, DISTRIBUCIÓN, ETC.
Lugar de publicación, distribución, etc. Madrid :
Nombre del editor, distribuidor, etc. [s.n.],
Fecha de publicación, distribución, etc. 1879 (
Fabricante Imp. de José Rodríguez)
300 ## - DESCRIPCIÓN FÍSICA
Extensión 52 p. ;
Dimensiones 18 cm.
500 ## - NOTA GENERAL
Nota general En port.: Representada por primera vez en el teatro de Apolo el 10 de octubre de 1879.
852 ## - LOCALIZACIÓN
Ubicación ES-MaACL
Número de control de estantería F-8576(14)
Nota libre ,- Enc. pasta española
condición física .- Falto de la cub. original
Nota libre .- Enc. en un vol. facticio formando parte de la col. "Teatro español moderno", vol. 29
-- .- En anteport. dedicatoria manuscrita del autor: "al primer actor Juan Mela"
Holdings
Estatus retirado Estado de pérdida Estado de daño No para préstamo Colección Biblioteca de origen Biblioteca actual Ubicación en estantería Fecha de adquisición Fuente de adquisición Total de préstamos Signatura topográfica completa Código de barras Visto por última vez Precio de reemplazo Tipo de ítem Koha
        Libros del s. XIX Biblioteca del Ateneo de Madrid Biblioteca del Ateneo de Madrid Sala Pecera Planta 2 22/04/2009     F-8576(14) 1179482 23/02/2023 23/02/2023 Libro impreso antiguo